000 00717nmm a2200277 a 4500
003 AR-BaBNM
005 20251128204857.0
008 306019s1995 ||||||||||||||000 | spa||
020 _a84-7635-056-2
040 _cAR-BaBNM
100 1 _aGómez Torrego, Leonardo
245 1 0 _aManual de español correcto
_n1
250 _a6ª ed.
260 _aMadrid
_bArco Libros
_c1995
300 0 _a358 p.
500 0 _aContiene prólogo a la presente edición y prólogo a la 4a ed.
500 0 _aLista de símbolos utilizados
650 4 _aFONETICA
650 4 _aPRONUNCIACION
650 4 _aORTOGRAFIA
650 4 _aLEXICO
650 4 _aESPANOL
650 4 _aESTILO LITERARIO
942 _cBK
998 _cisola
999 _c9156
_d9156